Statistiques concernant Nommez ces personnes célèbres - Quiz d'images #12

Cliquez ici pour prendre le quiz!

Statistiques générales

  • Ce quiz a été pris 244 fois
  • Le résultat moyen est 8 sur 15

Statistiques - réponses

Réponse% Correct
Charles de Gaulle
98%
Édith Piaf
94%
Salvador Dali
94%
Joseph Staline
89%
Mao Zedong
85%
Carl Marx
69%
Alfred Hitchcock
56%
Hirohito
55%
Léon Tolstoï
29%
Omar Sharif
28%
Katherine Hepburn
23%
Aristote Onassis
22%
Amelia Earhart
21%
François Duvalier
11%
Valentino
10%

Distribution des résultats

Percentile par nombre de réponses

% des personnes avec chaque résultat

Votre développement - résultats

Vous n’avez pas pris ce quiz